Heritage Cooking : an android-based tutorial for Filipino katutubo dishes / (Record no. 3349)

MARC details
000 -LEADER
fixed length control field 03193nam a22003737a 4500
003 - CONTROL NUMBER IDENTIFIER
control field OSt
005 - DATE AND TIME OF LATEST TRANSACTION
control field 20240510200248.0
008 - FIXED-LENGTH DATA ELEMENTS--GENERAL INFORMATION
fixed length control field 240507b ||||| |||| 00| 0 eng d
040 ## - CATALOGING SOURCE
Language of cataloging English.
Transcribing agency CvSU-CCAT Campus Library.
Description conventions rda.
050 ## - LIBRARY OF CONGRESS CALL NUMBER
Classification number UM QA 76.758.A84
Item number G66 2019
100 ## - MAIN ENTRY--PERSONAL NAME
Personal name Gonzales, Alyssa Joi A., author.
9 (RLIN) 12236
245 ## - TITLE STATEMENT
Title Heritage Cooking : an android-based tutorial for Filipino katutubo dishes /
Statement of responsibility, etc. Alyssa Joi A. Gonzales, Bryan James V. Torres, and Mavin G. Sison.
260 ## - PUBLICATION, DISTRIBUTION, ETC.
Place of publication, distribution, etc. Rosario, Cavite :
Name of publisher, distributor, etc. Cavite State University-CCAT Campus,
Date of publication, distribution, etc. 2019.
300 ## - PHYSICAL DESCRIPTION
Extent xv, 89 leaves :
Other physical details illustrations ;
Dimensions 28 cm
500 ## - GENERAL NOTE
General note A Capstone Project (BSInfoTech) -- Cavite State University-CCAT Campus, 2019.
504 ## - BIBLIOGRAPHY, ETC. NOTE
Bibliography, etc. note Includes bibliographical references and appendices.
520 ## - SUMMARY, ETC.
Thesis Abstract <a href="GONZALES, ALYSSA JOI A., TORRES, BRYAN JAMES V., SISON, MARVIN G. Heritage Cooking: An Android-Based Tutorial For Filipino Katutubo Dishes. Undergraduate Thesis. Department of Computer Studies. Cavite State University-Cavite College of Arts and Trades Campus, Rosario, Cavite. May 2019. Adviser. Mr. Aries M. Gelera.<br/><br/>The study was conducted from May 2018 to April 2019 and was focused on developing an application for Filipino people to preserve the Filipino cuisines. This is also to familiarize Filipino to different heritage dishes of the Philippines and for other countries to learn on how to cook the Philippine native dishes. In this study, the researchers able to meet the objective of the research which is to develop an application capable of guiding and providing a proper way on how to cook heritage dishes.<br/><br/>The researcher used the unified Model as the basis to develop the application. The Unified Model is a Methodology designed to develop an application for first and accurate format. The researcher used this model since its focus on the exchange of ideas and message taking place to both user and the application.<br/><br/>The results of the statistical analysis of data revealed that the application was helpful and effective to the people want to learn how to cook native dishes. The users appreciated the application because it can explain the step by step process of how to cook native dishes of each recipe and have a trivia about the recipe they pick. The application is user-friendly, easy to understand and very useful to the people who like cooking and other people want to learn how to cook native dishes of the Philippines.">GONZALES, ALYSSA JOI A., TORRES, BRYAN JAMES V., SISON, MARVIN G. Heritage Cooking: An Android-Based Tutorial For Filipino Katutubo Dishes. Undergraduate Thesis. Department of Computer Studies. Cavite State University-Cavite College of Arts and Trades Campus, Rosario, Cavite. May 2019. Adviser. Mr. Aries M. Gelera.<br/><br/>The study was conducted from May 2018 to April 2019 and was focused on developing an application for Filipino people to preserve the Filipino cuisines. This is also to familiarize Filipino to different heritage dishes of the Philippines and for other countries to learn on how to cook the Philippine native dishes. In this study, the researchers able to meet the objective of the research which is to develop an application capable of guiding and providing a proper way on how to cook heritage dishes.<br/><br/>The researcher used the unified Model as the basis to develop the application. The Unified Model is a Methodology designed to develop an application for first and accurate format. The researcher used this model since its focus on the exchange of ideas and message taking place to both user and the application.<br/><br/>The results of the statistical analysis of data revealed that the application was helpful and effective to the people want to learn how to cook native dishes. The users appreciated the application because it can explain the step by step process of how to cook native dishes of each recipe and have a trivia about the recipe they pick. The application is user-friendly, easy to understand and very useful to the people who like cooking and other people want to learn how to cook native dishes of the Philippines.</a>
546 ## - LANGUAGE NOTE
Language note In English text.
650 ## - SUBJECT ADDED ENTRY--TOPICAL TERM
Topical term or geographic name entry element Android application.
9 (RLIN) 9685
650 ## - SUBJECT ADDED ENTRY--TOPICAL TERM
Topical term or geographic name entry element Application software -- Development.
9 (RLIN) 9099
650 ## - SUBJECT ADDED ENTRY--TOPICAL TERM
Topical term or geographic name entry element Androids.
9 (RLIN) 5721
650 ## - SUBJECT ADDED ENTRY--TOPICAL TERM
Topical term or geographic name entry element Smartphones.
9 (RLIN) 9583
650 ## - SUBJECT ADDED ENTRY--TOPICAL TERM
Topical term or geographic name entry element Android system.
9 (RLIN) 12585
650 ## - SUBJECT ADDED ENTRY--TOPICAL TERM
Topical term or geographic name entry element Tutoring services.
9 (RLIN) 12641
650 ## - SUBJECT ADDED ENTRY--TOPICAL TERM
Topical term or geographic name entry element Tutors and tutoring.
9 (RLIN) 12642
650 ## - SUBJECT ADDED ENTRY--TOPICAL TERM
Topical term or geographic name entry element Tutors and tutoring -- Cooking.
9 (RLIN) 12643
650 ## - SUBJECT ADDED ENTRY--TOPICAL TERM
Topical term or geographic name entry element Filipino food.
9 (RLIN) 12644
700 ## - ADDED ENTRY--PERSONAL NAME
Personal name Torres, Bryan James V., author.
9 (RLIN) 12237
700 ## - ADDED ENTRY--PERSONAL NAME
Personal name Sison, Mavin G., author.
9 (RLIN) 12238
700 ## - ADDED ENTRY--PERSONAL NAME
Personal name Gelera, Aries M., adviser.
9 (RLIN) 9116
700 ## - ADDED ENTRY--PERSONAL NAME
Personal name Ignacio, Mary Ann E., technical critic.
9 (RLIN) 11884
942 ## - ADDED ENTRY ELEMENTS (KOHA)
Source of classification or shelving scheme Library of Congress Classification
Koha item type Thesis/Manuscripts/Dissertations
Classification part QA 76.758.A84 G66 2019
Call number prefix UM
Holdings
Withdrawn status Lost status Source of classification or shelving scheme Damaged status Not for loan Collection code Home library Current library Shelving location Date acquired Coded location qualifier Full call number Barcode Date last seen Copy number Price effective from Koha item type
    Library of Congress Classification     Thesis/Manuscript/Dissertation Cavite State University - CCAT Campus Cavite State University - CCAT Campus TH 12/02/2019 UM UM QA 76.758.A84 G66 2019 T0005109 10/24/2025 1 05/07/2024 Thesis/Manuscripts/Dissertations